| 000 | 00740nam a22002417a 4500 | ||
|---|---|---|---|
| 999 |
_c307956 _d307956 |
||
| 001 | 21749 | ||
| 003 | UA-OsUOA | ||
| 005 | 20200602223810.0 | ||
| 007 | ta | ||
| 008 | 20031213b un ||||| |||| 00| 0 ukr d | ||
| 020 | _a5-06-003182-9 | ||
| 040 |
_aUA-OsUOA _brus _cUA-OsUOA _dUA-OsUOA |
||
| 041 | _arus | ||
| 044 | _aRU | ||
| 080 | _a008(09)"652" | ||
| 090 |
_a008(09)"652" _bА72 |
||
| 245 |
_aАнтичная культура: литература, театр, искусство, философия, наука _bсловарь-справочник _cред. Н. В. Ярхо |
||
| 260 |
_aМосква _bВысшая школа _c1995 |
||
| 300 |
_a383 с. _bІлюстрації |
||
| 650 | 7 | _2UDC | |
| 942 |
_cBK _2udc |
||
| 955 | _a0 | ||